| 000 | 00670nam a2200205Ia 4500 | ||
|---|---|---|---|
| 001 | 7798 | ||
| 003 | AR-BaAGN | ||
| 005 | 20231116141407.0 | ||
| 007 | ta | ||
| 008 | 211213s1911 ag |||||||||||||| ||spa d | ||
| 040 |
_dAR-BaAGN _aAR-BaAGN _bspa _eaacr |
||
| 110 |
_aBuenos Aires. _bMinisterio de Obras Públicas |
||
| 245 | 1 | 0 | _aLey autorizando al Poder Ejecutivo para emitir bonos de pavimentación para la construcción de pavimentos en las ciudades ó pueblos de la provincia |
| 260 |
_aLa Plata : _bTaller de Impresiones Oficiales, _c1911. |
||
| 300 | _a15 páginas | ||
| 336 |
_2rdacontent _btxt |
||
| 337 |
_2rdamedia _bn |
||
| 338 |
_2rdacarrier _bnc |
||
| 942 | _cLIBRO | ||
| 999 |
_c7798 _d7798 |
||